000 01449nam0a2200373 4500
001 RU\NLR\bibl\902427
005 20260405094915.0
010 _a5-222-07628-8
_97000
021 _aRU
_b2005-84543
_94186
035 _a(NLR Aleph) 000890859
090 _a1717490
_c1717490
100 _a20060201d2006 |||y0rusy50 ca
101 0 _arus
102 _aRU
105 _aa |||||||||
200 1 _aК бою готов!
_dReady to fight!
_eстрессоустойчивость в рукопашном бою
_fАлексей Кадочников
_zeng
205 _aИзд. 2-е, перераб.
210 _aРостов-на-Дону
_cФеникс
_d2006
215 _a153, [3] c.
_cил.
_d24
225 1 _aПо системе спецназа
300 _aАвт. также на англ. яз.: Аlexei Kadochnikov
320 _aБиблиогр.: с. 153 (14 назв.)
510 0 _6z45790
_aReady to fight!
_zeng
606 1 _aРукопашный бой
_xКадочникова А.А. система
_92293308
_3RU\NLR\auth\661373333
686 _aЦ4,6(2Р)361.13
686 _aЧ517.166
700 1 _4070
_8rus
_7ca
_aКадочников
_bА.А.
_f1935-
_gАлексей Алексеевич
_3RU\NLR\auth\7735503
_918500
790 1 _6z45510
_aKadočnikov
_bA. A.
_gAleksej Alekseevič
_4070
801 0 _aRU
_bNLR
_c20060201
_grcr
801 1 _aRU
_bNLR
_c20060201
942 _cBOOK
980 _aNB